Online
Catalog

Paradigmas y creación de conocimiento en naciones neocoloniales : (Record no. 13637)

MARC details
000 -CABECERA
campo de control de longitud fija 00939cam a2200241 a 4500
001 - NÚMERO DE CONTROL
campo de control 000014035
005 - FECHA Y HORA DE LA ÚLTIMA TRANSACCIÓN
campo de control 20260521144507.0
008 - DATOS DE LONGITUD FIJA--INFORMACIÓN GENERAL
campo de control de longitud fija 970319s1996 ve b 000 0 spa
020 ## - NÚMERO INTERNACIONAL ESTÁNDAR DEL LIBRO
Número Internacional Estándar del Libro 9803251228
040 ## - FUENTE DE LA CATALOGACIÓN
Centro catalogador/agencia de origen DO-SdBNP
Lengua de catalogación spa
Centro/agencia transcriptor DLC
Centro/agencia modificador BNPHU
082 ## - NÚMERO DE LA CLASIFICACIÓN DECIMAL DEWEY
Número de clasificación 121.4
Número de documento/Ítem G771p
049 ## - FONDOS LOCALES (OCLC)
Fondos de biblioteca BNGR
100 1# - ENTRADA PRINCIPAL--NOMBRE DE PERSONA
Nombre de persona Graterol, Martín.
9 (RLIN) 31778
245 10 - MENCIÓN DE TÍTULO
Título Paradigmas y creación de conocimiento en naciones neocoloniales :
Resto del título cuando los paradigmas transferidos dificultan ver lo dado /
Mención de responsabilidad, etc. Martín Graterol.
260 ## - PUBLICACIÓN, DISTRIBUCIÓN, ETC.
Lugar de publicación, distribución, etc. Caracas, Venezuela :
Nombre del editor, distribuidor, etc. Universidad de Carabobo,
-- Fondo Editorial Tropykos,
Fecha de publicación, distribución, etc. 1996.
300 ## - DESCRIPCIÓN FÍSICA
Extensión 207 p. ;
Dimensiones 21 cm.
504 ## - NOTA DE BIBLIOGRAFÍA, ETC.
Nota de bibliografía, etc. Incluye referencias bibliográficas (p. 199-207).
650 #4 - PUNTO DE ACCESO ADICIONAL DE MATERIA--TÉRMINO DE MATERIA
Término de materia o nombre geográfico como elemento de entrada Teoría del conocimiento
9 (RLIN) 13
650 #4 - PUNTO DE ACCESO ADICIONAL DE MATERIA--TÉRMINO DE MATERIA
Término de materia o nombre geográfico como elemento de entrada Paradigmas (ciencias sociales)
9 (RLIN) 31779
650 #0 - PUNTO DE ACCESO ADICIONAL DE MATERIA--TÉRMINO DE MATERIA
Término de materia o nombre geográfico como elemento de entrada Filosofía de la ciencia
9 (RLIN) 19468
600 14 - PUNTO DE ACCESO ADICIONAL DE MATERIA--NOMBRE DE PERSONA
Nombre de persona Popper, Karl R.
Forma completa/desarrollada del nombre (Karl Raimund),
Fechas asociadas al nombre 1902-1994.
9 (RLIN) 31780
910 ## - DATOS DE OPCIÓN DEL USUARIO (OCLC)
Datos de opción del usuario Catalogación por copia / LC
Holdings
Estado de retiro Estado de pérdida Restricciones de uso No para préstamo Código de colección Localización permanente Ubicación/localización actual Ubicación en estantería Fecha de adquisición Número de inventario Total de préstamos Signatura topográfica completa Código de barras Fecha visto por última vez Precio válido a partir de Tipo de ítem Koha
    Préstamo interno   Monografías: Libros y Folletos General General En catalogación 02.12.2009 LF1   121.4 G771p 14035-10 25.06.2020 25.06.2020 Préstamo interno

Powered by Koha